| 000 | 00868nam a2200253Ia 4500 | ||
|---|---|---|---|
| 003 | Ost | ||
| 005 | 20260507075123.0 | ||
| 008 | 260507s9999||||xx |||||||||||||| ||und|| | ||
| 020 | _a9773745369 | ||
| 040 | _cfsecg | ||
| 041 | _aara | ||
| 082 | _a330 | ||
| 100 |
_aفتح الله، شريف _eمؤلف |
||
| 245 | 0 |
_aإدارة التأمين في عالم الأعمال / _c شريف فتح الله |
|
| 260 |
_aالإسكندرية: _bمكتبة ومطبعة الإشعاع الفنية, _c2006 |
||
| 300 |
_a152 صفحة؛ _c24 سم |
||
| 520 | _aأسرار النجاح في صناعة التأمين-كيف تضع ثورة في عالم التأمين | ||
| 653 | _aالأعتراضات | ||
| 653 | _aالإكتشاف | ||
| 653 | _aالتأمين - البنوك | ||
| 653 | _aالعروض | ||
| 653 | _aقواعد البيع | ||
| 942 | _cكتاب | ||
| 999 |
_c43112 _d43112 |
||